000 03455nam0a2200517 4500
001 RU\NLR\BIBL_A\022813023
005 20260607130255.0
010 _a978-5-907653-65-8
_9500
035 _a(NLR Aleph) 022813023
090 _a13725810
_c13725810
100 _a20260521d2024 k y0rusy50 ca
101 0 _arus
_deng
102 _aRU
105 _aac b 100yd
181 0 _ab3
_bxb2e
181 0 _ai2
_baxxe
182 0 _an
200 1 _aЭпоха Дюрера. Рисунки и гравюры немецкой школы XV–XVI веков
_dThe age of Durer. The Fifteenth and Sixteenth Centuries Drawings and Prints of the German School
_eкаталог выставки, [Санкт-Петербург, 18 июня – 29 сентября 2024]
_fС. В. Мурашкина, Н. С. Сэпман
_gавторы каталожных описаний гравюр: С. В. Мурашкина
_gавторы каталожных описаний рисунков: Н. С. Сэпман
_gГосударственный Эрмитаж
_zeng
203 _aИзображение
_aТекст
_bвизуальные
_cнепосредственные
210 _aСанкт-Петербург
_cИзд-во Государственного Эрмитажа
_d2024
215 _a187 с.
_cил., цв. ил., портр.
_d24
225 1 _aГалерея графики
_dGallery of prints and drawings
_vвып. 4
_zeng
300 _aЗагл. корешка: Эпоха Дюрера
300 _aАвт. также на англ. яз.: Svetlana Murashkina, Natalia Sepman
300 _aНа обл. авт. не указаны
300 _aРез. англ.
316 _aЭкз. РНБ с экслибрисом на 2-й с. обл.: "Дар Эрмитажа"
_5NLR: 2026-7/2939
320 _aБиблиогр. в сокр.: с. 186–187, в подстроч. примеч. и в подписях к ил.
510 1 _6z37790
_aThe age of Durer. The Fifteenth and Sixteenth Centuries Drawings and Prints of the German School
_zeng
516 1 _aЭпоха Дюрера
601 0 2 _aГосударственный Эрмитаж
_cСанкт-Петербург, город
_xКоллекция графики
_xВыставки
_z2024
_jКаталоги
_2nlr_sh2
_3RU\NLR\AUTH\6601771556
606 1 _aГрафика немецкая
_z15 - 16 вв.
_xВыставки
_yСанкт-Петербург, город
_z2024
_jКаталоги
_2nlr_sh2
_3RU\NLR\AUTH\6601771557
686 1 _aЩ101.3(2Р)-2Санкт-Петербург2Эрмитаж л62
686 1 _aЩ153(4Г)43л62
700 1 _aМурашкина
_bС. В.
_gСветлана Викторовна
701 1 _aСэпман
_bН. С.
_gНаталья Сергеевна
702 1 _aДюрер
_bА.
_f1471-1528
_gАльбрехт
_3RU\NLR\AUTH\77103091
_4280
711 1 2 _a"Эпоха Дюрера. Рисунки и гравюры немецкой школы XV - XVI веков", выставка
_f2024
_eСанкт-Петербург
_3RU\NLR\AUTH\880643412
712 0 2 _aГосударственный Эрмитаж
_cСанкт-Петербург
_3RU\NLR\AUTH\883267
_4557
790 1 _6z37
_aMuraskina
_bS. V.
_gSvetlana Viktorovna
790 1 _6z37
_6z37510
_aSepman
_bN. S.
_gNatal'ja Sergeevna
942 _cBOOK
980 _aNB